The dusty universe (Record no. 5078)

MARC details
000 -LEADER
fixed length control field 00878nam a2200217Ia 4500
003 - CONTROL NUMBER IDENTIFIER
control field IN-BaIIA
008 - FIXED-LENGTH DATA ELEMENTS--GENERAL INFORMATION
fixed length control field 211028s9999 xx 000 0 eng d
020 ## - INTERNATIONAL STANDARD BOOK NUMBER
International Standard Book Number 0-88202-033-1
040 ## - CATALOGING SOURCE
Transcribing agency IIA Library
080 ## - UNIVERSAL DECIMAL CLASSIFICATION NUMBER
Universal Decimal Classification number 524.5
Item number THE
111 ## - MAIN ENTRY--MEETING NAME
Meeting name or jurisdiction name as entry element Symposium Honoring Fred Lawrence Whipple on His Retirement
Location of meeting New York
Date of meeting or treaty signing 1973 Oct. 17-19
9 (RLIN) 9037
245 #4 - TITLE STATEMENT
Title The dusty universe
Remainder of title proceedings of a symposium honoring Fred Lawrence Whipple on his retirement as director of the Smithsonian astrophysical observatory
Statement of responsibility, etc. edited by George B. Field and A. G. W. Cameron
260 ## - PUBLICATION, DISTRIBUTION, ETC.
Place of publication, distribution, etc. New York
Name of publisher, distributor, etc. Smithsonian Astrophysical Observatory
Date of publication, distribution, etc. 1975
300 ## - PHYSICAL DESCRIPTION
Extent x, 323p.
650 ## - SUBJECT ADDED ENTRY--TOPICAL TERM
Topical term or geographic name entry element  Cosmic dust
9 (RLIN) 9038
650 ## - SUBJECT ADDED ENTRY--TOPICAL TERM
Topical term or geographic name entry element  Dusty universe 
9 (RLIN) 9039
650 ## - SUBJECT ADDED ENTRY--TOPICAL TERM
Topical term or geographic name entry element  Interseller matter 
9 (RLIN) 9040
650 ## - SUBJECT ADDED ENTRY--TOPICAL TERM
Topical term or geographic name entry element Astronomy and astrophysics thesaurus 
9 (RLIN) 1143
700 ## - ADDED ENTRY--PERSONAL NAME
Personal name Field, George B., ed.
9 (RLIN) 9041
942 ## - ADDED ENTRY ELEMENTS (KOHA)
Koha item type Books
952 ## - LOCATION AND ITEM INFORMATION (KOHA)
-- 15.00
Holdings
Withdrawn status Lost status Damaged status Not for loan Home library Current library Shelving location Date acquired Total Checkouts Full call number Barcode Date last seen Price effective from Koha item type
        IIA Library-Bangalore IIA Library-Bangalore General Stacks 23/11/1976   524.5/ THE 5673 05/11/2021 23/11/1976 Books

Powered by Koha